| 000 | 00515nam a2200181Ia 4500 | ||
|---|---|---|---|
| 005 | 20240823060058.0 | ||
| 008 | 240823s9999||||xx |||||||||||||| ||und|| | ||
| 041 | _aENGLISH | ||
| 082 | _A629.2503 Q6 | ||
| 100 | _aAircraft Technical Institute | ||
| 245 | 0 | _aGas Turbine Engine : Aviation Maintenance Technician Certification Series (Module 15) | |
| 250 | _a1st | ||
| 260 |
_c2016 _bAircraft Technical Book Co |
||
| 500 | _aTRANSFERED | ||
| 650 |
_aaviation Maintenance _bAME |
||
| 942 | _cBK | ||
| 999 |
_c230285 _d230285 |
||